01123nam a2200301 a 4500001001200000003000800012006001900020007001500039008004100054020001500095020001800110020002700128040002100155035002100176050002300197100002300220245008400243260003800327300001100365440002900376504005100405533015200456650002400608655002900632710001700661856012600678999001700804ebr10728652CaPaEBRm o u cr cn|||||||||130717s2006 gw sb 001 0 eng d z3938793376 z9783110328004 z9783110328325 (e-book) aCaPaEBRcCaPaEBR a(OCoLC)85456883914aBD372b.R47 2006eb1 aRescher, Nicholas.10aProcess philosophical deliberationsh[electronic resource] /cNicholas Rescher. aFrankfurt :bOntos Verlag,c2006. a193 p. 0aProcess thought ;vv. 11 aIncludes bibliographical references and index. aElectronic reproduction.bPalo Alto, Calif. :cebrary,d2013.nAvailable via World Wide Web.nAccess may be limited to ebrary affiliated libraries. 0aProcess philosophy. 7aElectronic books.2local2 aebrary, Inc.40uhttp://site.ebrary.com/lib/rucke/Doc?id=10728652zAn electronic book accessible through the World Wide Web; click to view c37267d37267